| 000 | 00383 a2200157 4500 | ||
|---|---|---|---|
| 003 | NUST | ||
| 005 | 20230302162557.0 | ||
| 040 | _cNust | ||
| 082 | _a808.81,HAI | ||
| 100 | _aHaidri, Karam | ||
| 245 |
_aRang Roop / رنگ روپ (Urdu) / _cKaram Haideri |
||
| 260 |
_aRawalpindi _bAl Mehmood _c1993 |
||
| 300 | _a86:p. | ||
| 650 |
_aUrdu Poetry _9751 |
||
| 942 |
_2ddc _cBK _k808.81,HAI |
||
| 999 |
_c188089 _d188089 |
||